000
00304nam a22001337a 4500
008
170531b xxu||||| |||| 00| 0 eng d
020
_a
9780807856758
041
_a
eng
080
_a
94
100
_a
17
101
_a
shh
245
_a
ALTIMATE HISTORY OF GENDER POWER
_c
LYONS.C.A
942
_2
udc
_c
BK
999
_c
15117
_d
15117